| 000 | 00853nam a2200301Ia 4500 | ||
|---|---|---|---|
| 001 | Z_6029 | ||
| 003 | CHAP | ||
| 008 | 220113s1996 xx 000 0 und d | ||
| 010 | _a169243 | ||
| 020 | _a968-884-358-3 | ||
| 040 | _cCHAP | ||
| 082 | _a920.71 U234 | ||
| 110 | 2 |
_aUniversidad Autónoma Chapingo _9143749 |
|
| 245 | _aMarte R. Gómez: Semblanza biográfica 1896-1973 \ Universidad Autónoma Chapingo | ||
| 260 |
_aMéxico : _bUniversidad Autónoma Chapingo, _c1996 |
||
| 300 | _a105 p. | ||
| 503 | _aej.1. | ||
| 505 | _aIncluye índice | ||
| 600 |
_a1. Marte R. Gómez (1896 - 1973) 2.Educador y maestro 3. Agrónomo _9143750 |
||
| 650 |
_aReforma Agraria _995517 |
||
| 710 |
_aI. Universidad Autónoma Chapingo _9143751 |
||
| 901 | _a920.71 U234 | ||
| 902 | _aM | ||
| 910 | _a1996 | ||
| 942 | _c1 | ||
| 942 | _cc1 | ||
| 999 |
_c169243 _d169243 |
||